000
00274nam a22001217a 4500
082
_a
808.066 ULM'T
100
_a
ULMAN, J. N
_9
77924
245
_a
TECHNICAL REPORTING
260
_a
NEWYORK
_b
HOLT
_c
1959 HOLT
300
_a
382P
700
_a
GOULD, J. R
_9
77925
942
_c
BK
999
_c
583101
_d
583101